000 00599nam a2200205Ia 4500
001 14657
003 GE_BSU
008 181216s||||||||xx |||||||||||||| ||und||
040 _cGE_BSU
080 _a821.353.1-1
100 _aნონეშვილი,იოსებ
245 _aლექსები
245 _cწინას. ავტ.შ.ფორჩხიძე
260 _aთბილისი
260 _bსაბჭოთა საქართველო
260 _c1976
300 _a402გვ.1ფ.პორტრ.
653 _aლექსები
942 _cBK
999 _c47783
_d47783